The MISSING DEAD/ (Record no. 213010)

MARC details
000 -LEADER
fixed length control field 00547nam a22001937a 4500
005 - DATE AND TIME OF LATEST TRANSACTION
control field 20250812111945.0
010 ## - LCCN (DPL NO)
LC control number ENG-146472
020 ## - INTERNATIONAL STANDARD BOOK NUMBER
International Standard Book Number 9788119524068
Terms of availability 450.00
035 ## - SYSTEM CONTROL NUMBER
System control number EN-130004
037 ## - SOURCE OF ACQUISITION
Source of stock number/acquisition DBAD
082 ## - DEWEY DECIMAL CLASSIFICATION NUMBER
Classification number N
100 ## - MAIN ENTRY--PERSONAL NAME
Personal name Onyekachi, Eze Solomon
245 ## - TITLE STATEMENT
Title The MISSING DEAD/
Statement of responsibility, etc Godfred Nana Kruentsi Ogoe
250 ## - EDITION STATEMENT
Edition statement 1
260 ## - PUBLICATION, DISTRIBUTION, ETC. (IMPRINT)
Place of publication, distribution, etc Kolkata
Name of publisher, distributor, etc EXCELLER BOOKS A GLOBAL PRESS
Date of publication, distribution, etc 2023
270 ## - ADDRESS
Address G1 Dream Apartment Degree College Road
City Belgharia
Postal code 700056
300 ## - PHYSICAL DESCRIPTION
Extent 227p.
Dimensions 22cm(pb)
942 ## - ADDED ENTRY ELEMENTS (KOHA)
Source of classification or shelving scheme Dewey Decimal Classification
Item type English Books
Classification part N
Call number suffix Ony
Holdings
Withdrawn status Lost status Not for loan Collection code Home library Current library Date acquired Source of acquisition Cost, normal purchase price Full call number Barcode Copy number Cost, replacement price Koha item type
      Fiction Patel Nagar Patel Nagar 12/08/2025 DBAD 450.00 N Ony EN-130004 1 450.00 English Books

© Delhi Public Library
Hit Counter
free hit counter